000 00687nam a22002177a 4500
999 _c216425
_d216425
005 20260311144843.0
008 260311b ||||| |||| 00| 0 eng d
020 _a9787802004108 (paperback)
040 _aLC
_cUNZA
_eRDA
050 _aPL1129 ZHA
_b2009
245 _aChinese for primary School Students:
_bTextBook Volume 5/
_cEdited By Zhang Xiaomei
250 _aFirst Edition
_bChi.Eng
260 _aBeijing :
_bChinese Teaching Press,
_c2009
300 _a93 pages :
_billustrations;
_c29 cm.
336 _aText
337 _aUnmediated
338 _aVolume
440 _aInternational New Concept Chinese Multimedia Series
700 _aZhang Xiaomei
_eEditor
942 _cBOOK